In the Bible - Sudden Death - Statistics

General Stats
  • This quiz has been taken 62,818 times
  • The average score is 11 of 21
Answers on the Grid
Answers color-coded by a green-red scale on the quiz's grid according to % correct below.
Baal
Buddha
Camels
Chariots
China
Cyrus the Great
Donkeys
Doves
Egypt
Fishing nets
Goliath
Harps
Honey
Jerusalem
Jezebel
Lilith (wife of Adam)
Lions
Llamas
Manna
Moses
Muhammad
Oxygen
Purgatory
Rainbows
Rome
Roosters
St. Patrick
The Equator
The Tower of Babel
Trolls
Trombones
Vinegar
 
Answer Stats
Answer % Correct
Jerusalem
76%
Egypt
74%
Goliath
72%
Donkeys
66%
Camels
64%
Moses
60%
Doves
58%
Fishing nets
57%
Honey
54%
Jezebel
53%
The Tower of Babel
53%
Lions
52%
Chariots
49%
Baal
47%
Rome
45%
Harps
39%
Manna
38%
Rainbows
33%
Vinegar
29%
Cyrus the Great
28%
Roosters
26%
No matching quizzes found
Score Distribution
Percent of People with Each Score
Percentile by Number Answered
Your Score History
You have not taken this quiz